| 000 | 00497nam a2200181Ia 4500 | ||
|---|---|---|---|
| 008 | 230718s9999 xx 000 0 und d | ||
| 020 | _a9780070634336 | ||
| 041 | _aeng | ||
| 082 |
_a621.3815'3 _bNEA |
||
| 100 | _aNeamen D.A. | ||
| 245 |
_aElectronic Circuits _bAnalysis And Design |
||
| 250 | _a3rd ed. | ||
| 260 |
_c2019 _bMcGraw Hill |
||
| 300 |
_a1351 _dRef 893 E (27043) |
||
| 365 |
_cRs. _b850.00 |
||
| 700 | _aNeamen D.A. | ||
| 906 |
_dO:0577122-Nov-2017B:482606-Nov-2017 _cETC _b1666 |
||
| 999 |
_c346041 _d346041 |
||